000 00676nam a2200205 i 4500
001 bg
245 0 0 _aMały Rocznik Statystyczny Polski 2004 /
_cGłówny Urząd Statystyczny.
260 _aWarszawa :
_bZakład Wydawnictw Statystycznych,
_c2005.
300 _a1 dysk optyczny (CD ROM).
490 1 _x1640-5919
651 9 _aPolska
_xstatystyka
_ystan na 2004 r.
710 0 _aGłówny Urząd Statystyczny
830 _x1640-5919
040 _cBPK
041 0 _apoleng
080 _a311.3(438)(083.41)
942 _cCD
008 s pl f |000 0 pol
999 _c24039
_d24039
856 _uhttp://koha.tu.koszalin.pl/cgi-bin/koha/opac-detail.pl?biblionumber=24039
_yKatalog online BPK